| 000 | 00933nam a2200301Ia 4500 | ||
|---|---|---|---|
| 001 | 2921 | ||
| 003 | IT-RoPAU | ||
| 008 | 130308s9999 xx 000 0 und d | ||
| 040 | _aIT-RoPAU | ||
| 040 | _cIT-RoPAU | ||
| 041 | _aITALIANO | ||
| 100 | _aElam Keir | ||
| 100 | _gCodice Aut. SPICS: 6980 | ||
| 245 | _aAppunti sulla deissi, l'anafora e le trasformazioni nel testo drammatico e sulla scena | ||
| 245 | _bCome Comunica Il Teatro: dal testo Alla Scena | ||
| 250 | _a1a ed. | ||
| 260 | _aMILANO | ||
| 260 | _bIl Formichiere | ||
| 260 | _c1978 [1° Ed.:1978 - Ed.Ling.Originale:1978] | ||
| 300 | _a"32 p. (prefazione: no ; testo: 32 [pagine: 97-128])" | ||
| 500 | _aDeissi Trasformazioni degli Elementi Primari Anafora segmentazione di Brani di Alcuni Testi Teatrali | ||
| 650 | _aLINGUAGGIO TEATRALE | ||
| 650 | _eCodice materia Spics: 8404 | ||
| 942 | _cBK | ||
| 957 | _71 | ||
| 999 |
_c61409 _d61409 |
||
| 999 | _bSI | ||
| 999 | _g1 | ||